00445nam a2200145Ia 450000500170000000800460001703700290006304000200009204100130011208400240012524501080014924500240025726000090028130000090029020250508161830.0008 250505s9999 xx 000 0 eng d aBooks to be hide in OPAC aFEDLbengcFEDL aeng2eng a378.54, DEL/OqFEDL 0aMinutes of the executive council and academic council . No. 22 Friday, the 2nd January, 1970-4.00 p.m. 0cUniversity Of Delhi c1970 a96p.